عرض عادي
عرض مارك
- Economic indicators.
مدخل مصطلح موضوعي
001 - رقم الضبط
- حقل الضبط: 44862
003 - معرف رقم الضبط
- حقل الضبط: OSt
005 - تاريخ ووقت أخر عملية
- حقل الضبط: 20140513103112.0
008 - عناصر بيانات ثابتة الطول
- حقل تحكم ثابت الطول: 140513|||a|||||| | ||| d
040 ## - مصدر الفهرسة
- هيئة الفهرسة الأصلية: OSt
- وكالة الكتابة: OSt
150 ## - مدخل-- مصطلح تاريخي
- عنصر مدخل المصطلح الموضوعي او الاسم الجغرافي: Economic indicators.
670 ## - بيانات المصدر موجوده
- الاستشهاد بالمصدر: Work cat.: (OSt): World economic situation and prospects 2013., 2013.
